Roman Numerals Quiz - Statistics

General Stats
  • This quiz has been taken 234 times
  • The average score is 9 of 10
Answer Stats
Question Answer % Correct
2 II
100%
166 CLXVI
95%
7 VII
95%
42 XLII
95%
20 XX
95%
379 CCCLXXIX
90%
514 DXIV
90%
1024 MXXIV
86%
728 DCCXXVIII
76%
3 + 8 + 30 + 91 + 230 + 708 + 1012 (First evaluate, then convert) MMVXXXII
48%
No matching quizzes found
Score Distribution
Percent of People with Each Score
Percentile by Number Answered
Your Score History
You have not taken this quiz